Các phương pháp ổn định cho bài toán xác định hệ số trong phương trình đạo hàm riêng tuyến tính cấp hai dạng elliptic và parabolic
Đã lưu trong:
| Hovedforfatter: | |
|---|---|
| Format: | Bog |
| Udgivet: |
2013
|
| Tags: |
Tilføj Tag
Ingen Tags, Vær først til at tagge denne postø!
|
| Thư viện lưu trữ: | Mạng thư viện Đại học Đà Nẵng |
|---|
| LEADER | 00827nam a2200229 4500 | ||
|---|---|---|---|
| 001 | 000021116 | ||
| 003 | 17563 | ||
| 005 | 20150406140401.0 | ||
| 008 | 150406s2013 sd | ||
| 100 | 1 | |a Trấn Nhân Tâm Quyền |c TS |e Chủ nhiệm đề tài | |
| 245 | 1 | 0 | |a Các phương pháp ổn định cho bài toán xác định hệ số trong phương trình đạo hàm riêng tuyến tính cấp hai dạng elliptic và parabolic |c Trấn Nhân Tâm Quyền |
| 260 | |c 2013 | ||
| 500 | |a Đề tài NCKH cấp Đại học Đà Nẵng . Mã số : Đ 2013-03-41 | ||
| OWN | |a LSP | ||
| 999 | |a From the UDN01 | ||
| TYP | |a Mixed Materials | ||
| TYP | |a Monograph | ||
| TYP | |a Printed language | ||
| 980 | |a Mạng thư viện Đại học Đà Nẵng | ||